| 000 -CABECERA |
| campo de control de longitud fija |
01352nam a2200313 u 4500 |
| 001 - NÚMERO DE CONTROL |
| campo de control |
000054324 |
| 005 - FECHA Y HORA DE LA ÚLTIMA TRANSACCIÓN |
| campo de control |
20200120222828.0 |
| 008 - DATOS DE LONGITUD FIJA--INFORMACIÓN GENERAL |
| campo de control de longitud fija |
130522s2005 ck gr 000 0 spa d |
| 020 ## - NÚMERO INTERNACIONAL ESTÁNDAR DEL LIBRO |
| Número Internacional Estándar del Libro |
9581803025. |
| 041 0# - CÓDIGO DE LENGUA |
| Código de lengua del texto/banda sonora o título independiente |
/spa |
| 082 04 - NÚMERO DE LA CLASIFICACIÓN DECIMAL DEWEY |
| Número de clasificación |
320.986 |
| Número de documento/Ítem |
U74 |
| Número de edición |
21 |
| 100 1# - ENTRADA PRINCIPAL--NOMBRE DE PERSONA |
| Nombre de persona |
Uribe Vélez, Alvaro, |
| Fechas asociadas al nombre |
1952- |
| 240 10 - TÍTULO UNIFORME |
| Título uniforme |
Antioquia-Bibliografía regional |
| 245 10 - MENCIÓN DE TÍTULO |
| Título |
Del escritorio del presidente : |
| Resto del título |
[selección de escritos, agosto 2002-diciembre 2003] / |
| Mención de responsabilidad, etc. |
Álvaro Uribe Vélez ; compiladoras Paola Holguín Moreno, Carolina Escamilla Pacheco, Adi Ochoa Torres. |
| 250 ## - MENCIÓN DE EDICIÓN |
| Mención de edición |
1a. ed. |
| 260 ## - PUBLICACIÓN, DISTRIBUCIÓN, ETC. |
| Lugar de publicación, distribución, etc. |
Bogotá : |
| Nombre del editor, distribuidor, etc. |
Presidencia de la República, |
| Fecha de publicación, distribución, etc. |
2005. |
| 300 ## - DESCRIPCIÓN FÍSICA |
| Extensión |
403 p. |
| 500 ## - NOTA GENERAL |
| Nota general |
Premio Alfaguara de novela : Huellas Culturales |
| 500 ## - NOTA GENERAL |
| Nota general |
Incluye índice. |
| 500 ## - NOTA GENERAL |
| Nota general |
Ej.1 de Mosquera donado por la Biblioteca Nacional - PNLB 2012. |
| 600 ## - PUNTO DE ACCESO ADICIONAL DE MATERIA--NOMBRE DE PERSONA |
| Nombre de persona |
Uribe Vélez, Alvaro |
| Fechas asociadas al nombre |
[1952] |
| Subdivisión general |
Pensamiento político y social . |
| 600 ## - PUNTO DE ACCESO ADICIONAL DE MATERIA--NOMBRE DE PERSONA |
| Nombre de persona |
Uribe Vélez, Alvaro |
| Fechas asociadas al nombre |
[1952] |
| Subdivisión general |
Discursos |
| 600 ## - PUNTO DE ACCESO ADICIONAL DE MATERIA--NOMBRE DE PERSONA |
| Nombre de persona |
Uribe Vélez, Alvaro, |
| Fechas asociadas al nombre |
1952- |
| Subdivisión general |
Entrevistas. |
| 650 14 - PUNTO DE ACCESO ADICIONAL DE MATERIA--TÉRMINO DE MATERIA |
| Término de materia o nombre geográfico como elemento de entrada |
Seguridad democrática |
| Subdivisión geográfica |
Colombia |
| Subdivisión de forma |
Ensayos, conferencias, etc. |
| 651 #7 - PUNTO DE ACCESO ADICIONAL DE MATERIA--NOMBRE GEOGRÁFICO |
| Nombre geográfico |
Colombia |
| Subdivisión general |
Política y gobierno |
| Subdivisión de forma |
Ensayos, conferencias, etc. |
| Subdivisión cronológica |
2002-2003. |
| 700 1# - PUNTO DE ACCESO ADICIONAL--NOMBRE DE PERSONA |
| Nombre de persona |
Holguín Moreno, Paola, |
| Término indicativo de función/relación |
compositora. |
| 700 1# - PUNTO DE ACCESO ADICIONAL--NOMBRE DE PERSONA |
| Nombre de persona |
Escamilla Pacheco, Carolina, |
| Término indicativo de función/relación |
compositora. |
| 700 1# - PUNTO DE ACCESO ADICIONAL--NOMBRE DE PERSONA |
| Nombre de persona |
Ochoa Torres, Adi, |
| Término indicativo de función/relación |
compositor. |